000 00330nam a22001457a 4500
008 210302b ||||| |||| 00| 0 eng d
020 _a9780072491982
041 _aeng
080 _24th
_a37
082 _a37
100 _a46
101 _aEDU
245 _aThe Basic a Rhetoric and Handbook
_cBuscemi, S. V
942 _2udc
_cBK
999 _c55442
_d55442